Shortest Element Names A-Z - Statistics

General Stats
  • This quiz has been taken 400 times
    358 since last reset
  • The average score is 16 of 27
Answer Stats
Answer % Correct
B Boron
94%
X Xenon
89%
Z Zinc
84%
A Argon
83%
Oxygen
83%
N Neon
81%
U Uranium
78%
I Iron
77%
Y Yttrium
75%
T Tin
74%
G Gold
72%
V Vanadium
72%
H Helium
70%
K Krypton
70%
L Lead
69%
R Radon
63%
Sulfur
60%
S Silver
49%
O Osmium
48%
E Erbium
42%
Sodium
41%
D Dubnium
34%
F Fermium
30%
M Mercury
29%
Polonium
23%
P Platinum
22%
C Calcium
21%
No matching quizzes found
Score Distribution
Percent of People with Each Score
Percentile by Number Answered
Your Score History
You have not taken this quiz since the last reset